000 00470nam a22001817a 4500
003 MPLRDC
005 20220104190032.0
008 210129b ||||| |||| 00| 0 eng d
020 _a978-7-5462-0176-4
082 _a859.6 ORR v.2
100 _aWENDY ORR 文、ERRY MILLARD 图
245 _a尼魔岛.2
_c陈咨羽 译
250 _a一版一刷
260 _a中国
_b广州出版社
_c2010
300 _b
650 _a儿童小说
942 _cBK
_o859.6 ORR v.2
999 _c63595
_d63585